| 000 | 00441nam a2200169Ia 4500 | ||
|---|---|---|---|
| 008 | 180921t2021 xxu||||| |||| 00| 0 eng d | ||
| 041 | _aeng | ||
| 080 |
_a8-31 _bSIL |
||
| 100 | _aSilva, W.A. | ||
| 245 | _aVijayaba Kollaya : Coup in Kotte Kingdom of Sri Lanka | ||
| 260 |
_bSarasavi _aNugegoda _c2021 |
||
| 300 | _a21cm, 240p. | ||
| 700 |
_aJanaka Perera _etr. |
||
| 942 | _cBK | ||
| 999 |
_c10448 _d10448 |
||
| 003 | LK-CoDNM | ||
| 040 |
_aLK-CoDNM _dLK-CoDNM _eLK-CoDNM |
||